000 00224 a2200097 4500
001 15835
100 _aPaxton J
245 _aStates man S Year Book 1981-82
260 _aU.S.A
_bDowden Hutchinson
_c
090 _c12384
_d12384
942 _aNUST-CAE
_cM
_c2652
999 _c250908
_d250908